000 01020nam a22002537a 4500
001 79676
003 BD-RjUL
005 20220410121350.0
008 220410s2005 bg a|||| m||| 00| 0 eng d
035 _a(BD-RjUL)79676
040 _aBD-RjUL
_beng
_cBD-RjUL
_dBD-RjUL
041 _aeng
082 _223
_a635
_bRAD 2005
100 _aRana, Md. Masud arves
_92308
245 1 0 _aDevelopment of urban agriculture :
_bA Case study of Rajshahi Metropolitan Area /
_cMd. Masud Parves, Rana ;
_6Supervisor : Syed, Rafiqul Alam, Rumi
260 _aRajshahi,
_bDepartment of Geography & environmental Studies, University of Rajshahi,
_c2005
300 _axiii, 139 leaves :
_bill, ;
_c29.cm.
502 _aThesis (M.Phil.) -- Department of Geography & environmental Studies, University of Rajshahi, 2005
504 _aBibliography : Leaves 125 - 134
650 _aFarming
_vRajshahi
_92309
650 _aUrban
_vMetropolitan Area
_zBangladesh
_92310
700 _aRumi, Syed, Rafiqul Alam, Supervisor
_92311
942 _2ddc
_cTHE
999 _c79676
_d79676